000 01160nam a2200301 a 4500
001 000113683
003 CHAP
005 20220329144407.0
008 170907s2017 mx a fsm |||||||spa d
010 _a110144
011 _a111116
040 _cCHAP
090 _aTesis
100 1 _aReyes Ortiz, Pedro Alfonso
_9133251
245 1 0 _aProducción de naranja (Citrus sinensis L. Osbeck) variedad valencia tardía bajo manejo orgánico en San Pablo, Papantla de Olarte; Veracruz /
_h[En línea]
_cpor Pedro Alfonso Reyes Ortiz.
260 _aChapingo, Méx. :
_bEl autor,
_c2017.
500 _aPara ver el contenido del material haga clic en la liga
502 _aTesis (Ing. Agr. Esp. en Fitotecnia) -- UACH. Departamento de Fitotecnia
590 _aE8697GMM
_b05
_c20170907
_lUCH01
_h0924
590 _aE8697GMM
_b05
_c20170907
_lUCH01
_h0941
650 1 4 _aNaranja
_xAspectos económicos
_zVeracruz.
_980140
650 1 4 _aNaranja
_xCostos de producción.
_980147
650 1 4 _aNaranja
_xInnovaciones tecnológicas.
_9133151
856 _aFinding aid
_uhttp://10.13.5.2/tesis/sist113683.pdf
_zTeclea aquí
901 _aBK
942 _cTESIS
942 _n0
999 _c110144
_d110144